Top 10 Vegan-Friendliest US Cities of 2016 - Statistics

General Stats
  • This quiz has been taken 266 times
  • The average score is 6 of 10
Answer Stats
Ranking City % Correct
3# New York City
97%
2# Los Angeles
96%
9# Seattle
87%
1# Portland, Oregon
81%
6# San Diego
70%
8# Austin, Texas
56%
7# Honolulu
37%
4# Detroit
35%
5# Nashville, Tennessee
20%
10# Richmond, Virginia
10%
No matching quizzes found
Score Distribution
Percent of People with Each Score
Percentile by Number Answered
Your Score History
You have not taken this quiz